[Event "Titled Tuesday intern op 23rd Apr Late"]
[Site "Chess.com INT"]
[Date "2024.04.23"]
[Round "1"]
[White "Goltsev, Dmitry"]
[Black "Federzoni, Enzo"]
[Result "1-0"]
[WhiteElo "2215"]
[BlackElo "2164"]
[PlyCount "135"]
[EventDate "2024.04.23"]
[EventType "swiss (blitz)"]
[EventRounds "11"]
[EventCountry "USA"]
[SourceTitle "CB18_2024"]
[SourceDate "2024.05.01"]
[SourceVersion "1"]
[SourceVersionDate "2024.05.01"]
[SourceQuality "2"]

1. e4 e5 2. Nf3 Nc6 3. Bb5 a6 4. Ba4 d6 5. 0-0 Nf6 6. c3 Nxe4 7. d4 b5 8. Bc2 Nf6 9. dxe5 dxe5 10. Qxd8+ Kxd8 11. a4 Bb7 12. axb5 axb5 13. Rxa8+ Bxa8 14. Ng5 Ke8 15. Bb3 Nd8 16. Rd1 Bd6 17. Na3 Bc6 18. Be3 h6 19. Nf3 Ke7 20. Nc2 Ne6 21. Nb4 Bxb4 22. Nxe5 Bxg2 23. Kxg2 Bd6 24. Nc6+ Kd7 25. Ne5+ Ke7 26. Nc6+ Kd7 27. Na7 Rb8 28. h3 Rb7 29. Kf1 g5 30. Kg2 Nf4+ 31. Bxf4 gxf4 32. Nxb5 Rxb5 33. Ba4 c6 34. Bxb5 cxb5 35. Kf3 Ke6 36. b3 Nd5 37. c4 bxc4 38. bxc4 Nc3 39. Re1+ Kf6 40. Ra1 Ke5 41. Ra7 f6 42. Ra6 Bc5 43. Rc6 Kd4 44. Rxf6 Kxc4 45. Rxf4+ Kd5 46. Rf5+ Kd6 47. Rf6+ Ke5 48. Rxh6 Nd5 49. Rh5+ Ke6 50. Rh6+ Nf6 51. Rh8 Bd6 52. Ra8 Kf5 53. Ra6 Be5 54. Ra5 Ke6 55. Ke3 Nd5+ 56. Ke4 Nf6+ 57. Kf3 Nd5 58. Ra6+ Kf5 59. h4 Nf6 60. Ra5 Nh5 61. Ke3 Nf6 62. f4 Ng4+ 63. Kf3 Nh2+ 64. Kg2 Nf1 65. Rxe5+ Kxf4 66. Re2 Ne3+ 67. Rxe3 Kxe3 68. h5 1-0

[Event "Titled Tuesday intern op 13th Feb Early"]
[Site "Chess.com INT"]
[Date "2024.02.13"]
[Round "2"]
[White "Klimchuk, Andriy"]
[Black "Federzoni, Enzo"]
[Result "1-0"]
[WhiteElo "2405"]
[BlackElo "2156"]
[PlyCount "51"]
[EventDate "2024.02.13"]
[EventType "swiss (blitz)"]
[EventRounds "11"]
[EventCountry "USA"]
[SourceTitle "CB08_2024"]
[SourceDate "2024.02.21"]
[SourceVersion "1"]
[SourceVersionDate "2024.02.21"]
[SourceQuality "1"]

1. e4 c6 2. d4 d5 3. e5 c5 4. dxc5 e6 5. Qg4 h5 6. Qg3 Nc6 7. Nf3 h4 8. Qg4 Nh6 9. Bxh6 Rxh6 10. Bd3 f5 11. exf6 Qxf6 12. Nc3 Bxc5 13. 0-0-0 Bd7 14. Na4 Bd6 15. c4 0-0-0 16. Kb1 Nb4 17. c5 Bxa4 18. Qxb4 Bxd1 19. cxd6 Bxf3 20. Rc1+ Kb8 21. Rc7 d4 22. Ba6 Be4+ 23. Ka1 b6 24. Qc4 Rhh8 25. Rb7+ Ka8 26. Qc7 1-0

[Event "Florianopolis op 10th"]
[Site "Florianopolis"]
[Date "2024.01.24"]
[Round "6"]
[White "Federzoni, Enzo"]
[Black "Salinas Herrera, Pablo Patricio"]
[Result "0-1"]
[WhiteElo "2170"]
[BlackElo "2477"]
[PlyCount "90"]
[EventDate "2024.01.20"]
[EventType "swiss"]
[EventRounds "10"]
[EventCountry "BRA"]
[SourceTitle "CB05_2024"]
[SourceDate "2024.01.31"]
[SourceVersion "1"]
[SourceVersionDate "2024.01.31"]
[SourceQuality "1"]

1. e4 c5 2. Nf3 e6 3. d4 cxd4 4. Nxd4 Nf6 5. Nc3 d6 6. g4 h6 7. Rg1 a6 8. h4 Nfd7 9. g5 hxg5 10. Bxg5 Qb6 11. Rg3 Nc6 12. Nb3 Qc7 13. Qd2 b5 14. a3 Nb6 15. Nd4 Nxd4 16. Qxd4 Bd7 17. 0-0-0 Rc8 18. Be2 Nc4 19. h5 Qc5 20. h6 Qxd4 21. Rxd4 g6 22. Bxc4 bxc4 23. Rg1 Rc6 24. Rh1 f5 25. exf5 gxf5 26. Rdh4 Rh7 27. Ne2 Kf7 28. Nd4 Rc8 29. Bd2 Be7 30. Rh5 Rg8 31. Re1 Rg4 32. c3 Bf6 33. f4 Rg6 34. Reh1 Bc8 35. Kd1 Bb7 36. R1h3 Bg2 37. Re3 Be4 38. Reh3 Be7 39. Be1 Bf8 40. Ke2 Rgxh6 41. R5h4 Rxh4 42. Rxh4 Rxh4 43. Bxh4 e5 44. Nf3 Bxf3+ 45. Kxf3 Bh6 0-1

[Event "Criciuma op-A"]
[Site "Criciuma"]
[Date "2024.01.15"]
[Round "5"]
[White "Federzoni, Enzo"]
[Black "Borges, Guilherme Deola"]
[Result "1/2-1/2"]
[WhiteElo "2170"]
[BlackElo "2142"]
[PlyCount "51"]
[EventDate "2024.01.12"]
[EventType "swiss"]
[EventRounds "9"]
[EventCountry "BRA"]
[SourceTitle "CB04_2024"]
[SourceDate "2023.10.16"]
[SourceVersion "1"]
[SourceVersionDate "2023.10.16"]
[SourceQuality "1"]

1. e4 c5 2. Nf3 Nc6 3. d4 cxd4 4. Nxd4 g6 5. c4 Nf6 6. Nc3 d6 7. Be2 Nxd4 8. Qxd4 Bg7 9. 0-0 0-0 10. Qd3 Bd7 11. Be3 a6 12. Rfd1 Bc6 13. b4 b5 14. Rac1 Qd7 15. f3 Rfc8 16. c5 dxc5 17. Bxc5 Qxd3 18. Rxd3 e6 19. Rcd1 Bf8 20. Bxf8 Kxf8 21. e5 Nd5 22. Nxd5 Bxd5 23. Ra3 g5 24. Bd3 Kg7 25. Kf2 Rc6 26. Ke3 1/2-1/2

[Event "Criciuma op-A"]
[Site "Criciuma"]
[Date "2024.01.13"]
[Round "2"]
[White "Bitencourt, Evandro Jose dos S"]
[Black "Federzoni, Enzo"]
[Result "0-1"]
[WhiteElo "1863"]
[BlackElo "2170"]
[PlyCount "74"]
[EventDate "2024.01.12"]
[EventType "swiss"]
[EventRounds "9"]
[EventCountry "BRA"]
[SourceTitle "CB04_2024"]
[SourceDate "2023.10.16"]
[SourceVersion "1"]
[SourceVersionDate "2023.10.16"]
[SourceQuality "1"]

1. d4 Nf6 2. c4 g6 3. f3 c5 4. d5 d6 5. Nc3 Bg7 6. e4 0-0 7. Be3 e6 8. Qd2 exd5 9. exd5 a6 10. a4 Re8 11. Bd3 Nbd7 12. Nge2 Ne5 13. 0-0 Bd7 14. a5 b5 15. axb6 Qxb6 16. b4 Nxd3 17. Qxd3 Bb5 18. cxb5 axb5 19. bxc5 dxc5 20. Rab1 b4 21. Qc4 Nd7 22. Nc1 Rec8 23. Nd3 Qa5 24. Rfc1 Bxc3 25. Nf2 Nb6 26. Qd3 Na4 27. Nd1 c4 28. Qe2 b3 29. Qf2 Bg7 30. h3 Rab8 31. Bd4 Bxd4 32. Qxd4 c3 33. Ne3 Rb4 34. Qf6 Qc5 35. Re1 Rb6 36. Qf4 c2 37. Rbc1 Nb2 0-1

[Event "Florianopolis op-A"]
[Site "Florianopolis"]
[Date "2023.09.23"]
[Round "4"]
[White "Federzoni, Enzo"]
[Black "Umetsubo, Cesar Hidemitsu"]
[Result "0-1"]
[WhiteElo "2157"]
[BlackElo "2347"]
[PlyCount "88"]
[EventDate "2023.09.22"]
[EventType "swiss"]
[EventRounds "6"]
[EventCountry "BRA"]
[SourceTitle "EXT 2024"]
[Source "ChessBase"]
[SourceDate "2023.10.10"]
[SourceVersion "1"]
[SourceVersionDate "2023.10.10"]
[SourceQuality "1"]

1. e4 c6 2. d4 d5 3. e5 Bf5 4. h4 h5 5. Bd3 Bxd3 6. Qxd3 Qa5+ 7. Nd2 e6 8. Ngf3 Nh6 9. 0-0 Nf5 10. c4 Be7 11. cxd5 cxd5 12. Nb3 Qa6 13. Qc3 Nc6 14. Bg5 Rc8 15. Rac1 b6 16. a3 0-0 17. Qd2 Bxg5 18. hxg5 Qa4 19. Rc3 Nce7 20. Rfc1 Rxc3 21. Rxc3 Rc8 22. Kf1 Rc4 23. Ke1 Nc6 24. g6 fxg6 25. Nc5 bxc5 26. b3 Qa6 27. bxc4 cxd4 28. Rc1 dxc4 29. Qg5 Qa5+ 30. Kf1 Qxa3 31. Rd1 Kf7 32. Kg1 c3 33. Rb1 c2 34. Rc1 d3 35. Qf4 Qb4 36. Ng5+ Ke7 37. Ne4 Ncd4 38. Qg5+ Kf7 39. Kh2 Ne2 40. f4 Nxc1 41. Qd8 Qe7 42. Ng5+ Qxg5 43. Qxg5 Ne2 44. g4 c1Q 0-1

[Event "Titled Tuesday intern op 01st Aug Early"]
[Site "Chess.com INT"]
[Date "2023.08.01"]
[Round "1"]
[White "Federzoni, Enzo"]
[Black "Dimitrov, Atanas Valtchev"]
[Result "0-1"]
[WhiteElo "2157"]
[BlackElo "2269"]
[PlyCount "64"]
[EventDate "2023.08.01"]
[EventType "swiss (blitz)"]
[EventRounds "11"]
[EventCountry "USA"]
[SourceTitle "EXT 2024"]
[Source "ChessBase"]
[SourceDate "2023.10.10"]
[SourceVersion "1"]
[SourceVersionDate "2023.10.10"]
[SourceQuality "1"]

1. e4 c5 2. Nf3 d6 3. d4 cxd4 4. Nxd4 Nf6 5. Nc3 Nc6 6. Be3 Ng4 7. Nxc6 bxc6 8. Bc1 g6 9. Be2 Nf6 10. Bf3 Qc7 11. Bf4 Bg7 12. Qe2 Nd7 13. 0-0 0-0 14. g3 a5 15. Rfd1 Ba6 16. Qe3 Ne5 17. Bg2 Nc4 18. Qc1 Rab8 19. Bh6 Nxb2 20. Bxg7 Kxg7 21. Re1 Nc4 22. Rb1 Rxb1 23. Qxb1 Rb8 24. Qa1 Kg8 25. Bf1 Qa7 26. a4 Ne5 27. Bg2 Qc5 28. Rb1 Rxb1+ 29. Nxb1 Qxc2 30. Na3 Qxa4 31. Qc3 Qd1+ 32. Bf1 Qxf1# 0-1

[Event "Titled Tuesday intern op 01st Aug Early"]
[Site "Chess.com INT"]
[Date "2023.08.01"]
[Round "2"]
[White "Molina, Roberto Junio Brito"]
[Black "Federzoni, Enzo"]
[Result "1-0"]
[WhiteElo "2376"]
[BlackElo "2157"]
[PlyCount "77"]
[EventDate "2023.08.01"]
[EventType "swiss (blitz)"]
[EventRounds "11"]
[EventCountry "USA"]
[SourceTitle "EXT 2024"]
[Source "ChessBase"]
[SourceDate "2023.10.10"]
[SourceVersion "1"]
[SourceVersionDate "2023.10.10"]
[SourceQuality "1"]

1. e4 e5 2. Nf3 Nc6 3. Bb5 a6 4. Ba4 Nf6 5. 0-0 b5 6. Bb3 Bc5 7. c3 d6 8. d4 Bb6 9. h3 0-0 10. a4 Rb8 11. axb5 axb5 12. Na3 b4 13. Nc4 exd4 14. cxd4 Nxe4 15. Nxb6 Rxb6 16. d5 Ne7 17. Be3 Rb8 18. Nd4 Nc5 19. Bc4 Bd7 20. Re1 Nf5 21. Nxf5 Bxf5 22. Bd4 Ra8 23. Rc1 Re8 24. Qd2 Qd7 25. Qxb4 Nd3 26. Bxd3 Bxd3 27. Rxe8+ Rxe8 28. Qc3 Be4 29. Bxg7 Bxd5 30. Qg3 Qf5 31. Rxc7 Qg6 32. Qxg6 hxg6 33. Bd4 Bb3 34. Kh2 d5 35. Rb7 Bc2 36. Rb5 Be4 37. f3 Bd3 38. Rxd5 Re2 39. Rd8+ 1-0

[Event "Titled Tuesday intern op 04th Jul Late"]
[Site "Chess.com INT"]
[Date "2023.07.04"]
[Round "1"]
[White "Federzoni, Enzo"]
[Black "Rosen, Eric S"]
[Result "1-0"]
[WhiteElo "2144"]
[BlackElo "2344"]
[PlyCount "107"]
[EventDate "2023.07.04"]
[EventType "swiss (blitz)"]
[EventRounds "11"]
[EventCountry "USA"]
[SourceTitle "EXT 2024"]
[Source "ChessBase"]
[SourceDate "2023.10.10"]
[SourceVersion "1"]
[SourceVersionDate "2023.10.10"]
[SourceQuality "1"]

1. e4 c5 2. Nf3 Nc6 3. Bb5 e6 4. Bxc6 bxc6 5. b3 Ne7 6. Bb2 f6 7. c4 Ng6 8. g3 e5 9. h4 Be7 10. h5 Nf8 11. Nc3 Ne6 12. Na4 0-0 13. Qe2 d6 14. h6 g6 15. Nc3 Nd4 16. Nxd4 cxd4 17. Nd1 c5 18. d3 f5 19. f3 a5 20. Nf2 a4 21. Kf1 Bg5 22. Kg2 Rf7 23. Bc1 axb3 24. Bxg5 Qxg5 25. axb3 Rxa1 26. Rxa1 Qxh6 27. Ra8 Rf8 28. Qa2 fxe4 29. Nxe4 Qe3 30. Nxd6 Qxf3+ 31. Kh2 Qh5+ 32. Kg1 Qd1+ 33. Kh2 Qh5+ 34. Kg1 Qg4 35. Qg2 Be6 36. Rxf8+ Kxf8 37. Qa8+ Kg7 38. Qb7+ Kh6 39. Qh1+ Kg5 40. Ne4+ Kf5 41. Qxh7 Qd1+ 42. Kg2 Qe2+ 43. Nf2 e4 44. dxe4+ Ke5 45. Qc7+ Kf6 46. Qxc5 d3 47. Qd4+ Ke7 48. Qxd3 Qh5 49. Qf3 Qa5 50. Qe3 Qa2 51. c5 Bxb3 52. c6 Qc2 53. Qb6 Be6 54. Qc7+ 1-0

[Event "Titled Tuesday intern op 04th Jul Late"]
[Site "Chess.com INT"]
[Date "2023.07.04"]
[Round "2"]
[White "Kavyev, Ruslan"]
[Black "Federzoni, Enzo"]
[Result "0-1"]
[WhiteElo "2297"]
[BlackElo "2144"]
[PlyCount "62"]
[EventDate "2023.07.04"]
[EventType "swiss (blitz)"]
[EventRounds "11"]
[EventCountry "USA"]
[SourceTitle "EXT 2024"]
[Source "ChessBase"]
[SourceDate "2023.10.10"]
[SourceVersion "1"]
[SourceVersionDate "2023.10.10"]
[SourceQuality "1"]

1. e4 c5 2. Nf3 d6 3. d4 cxd4 4. Nxd4 Nf6 5. Nc3 a6 6. a3 e5 7. Nf5 d5 8. Bg5 d4 9. Bxf6 gxf6 10. Nb1 Bxf5 11. exf5 Qd5 12. Nd2 Bh6 13. Nc4 Nd7 14. Bd3 Qxg2 15. Rf1 Nc5 16. Qe2 0-0 17. Nd2 Rac8 18. 0-0-0 Nb3+ 19. Kb1 Nxd2+ 20. Rxd2 Bxd2 21. Qxd2 e4 22. Qe1 exd3 23. Rg1 dxc2+ 24. Kc1 Qxg1 25. Qxg1+ Kh8 26. f4 Rfd8 27. Qe1 d3 28. Qd2 Rc4 29. h4 Re4 30. b4 Re2 31. Qc3 d2+ 0-1

[Event "Caioba op 7th"]
[Site "Caioba"]
[Date "2023.06.19"]
[Round "3"]
[White "Federzoni, Enzo"]
[Black "Nunes, Agatha Hurba"]
[Result "1-0"]
[WhiteElo "2144"]
[BlackElo "1817"]
[PlyCount "67"]
[EventDate "2023.06.18"]
[EventType "swiss"]
[EventRounds "9"]
[EventCountry "BRA"]
[SourceTitle "CBM 214 Extra"]
[Source "ChessBase"]
[SourceDate "2023.07.31"]
[SourceVersion "1"]
[SourceVersionDate "2023.07.31"]
[SourceQuality "1"]

1. e4 e6 2. d4 d5 3. Nc3 Nf6 4. e5 Nfd7 5. f4 c5 6. Nf3 Nc6 7. Be3 a6 8. Qd2 b5 9. Be2 Qb6 10. Nd1 cxd4 11. Nxd4 Nxd4 12. Bxd4 Bc5 13. c3 a5 14. 0-0 0-0 15. Ne3 b4 16. Rf3 Ba6 17. Bxa6 Rxa6 18. f5 bxc3 19. bxc3 Bxd4 20. cxd4 f6 21. fxe6 Qxe6 22. exf6 Rxf6 23. Rxf6 Nxf6 24. Rb1 Rb6 25. Re1 Qe4 26. Nc2 Qh4 27. Qxa5 Rb2 28. Qd8+ Kf7 29. Qc7+ Kg8 30. g3 Qh3 31. Re2 Rb1+ 32. Ne1 Rxe1+ 33. Rxe1 Qg4 34. Qe5 1-0

[Event "Caioba op 7th"]
[Site "Caioba"]
[Date "2023.06.18"]
[Round "1"]
[White "Monteiro, Samuel Ramazzotte"]
[Black "Federzoni, Enzo"]
[Result "1/2-1/2"]
[WhiteElo "1444"]
[BlackElo "2144"]
[PlyCount "90"]
[EventDate "2023.06.18"]
[EventType "swiss"]
[EventRounds "9"]
[EventCountry "BRA"]
[SourceTitle "CBM 214 Extra"]
[Source "ChessBase"]
[SourceDate "2023.07.31"]
[SourceVersion "1"]
[SourceVersionDate "2023.07.31"]
[SourceQuality "1"]

1. Nf3 c5 2. g3 Nc6 3. Bg2 e5 4. d3 g6 5. 0-0 Bg7 6. e4 Nge7 7. Nc3 0-0 8. Nh4 d6 9. f4 f5 10. Be3 Nd4 11. Qd2 Nec6 12. Nf3 Rb8 13. Nd5 fxe4 14. dxe4 Nxf3+ 15. Bxf3 exf4 16. Bxf4 Bxb2 17. Rab1 Bd4+ 18. Kh1 Bh3 19. Rfd1 Qd7 20. c3 Be5 21. Qe3 Rbe8 22. Rb2 Bg4 23. Bxg4 Qxg4 24. Rdd2 b6 25. Kg2 Bxf4 26. Nxf4 g5 27. Nh3 Na5 28. Nf2 Rxf2+ 29. Rxf2 Nc4 30. Qf3 Qxf3+ 31. Kxf3 Nxb2 32. Rxb2 h5 33. Rd2 Re6 34. Rd5 Rf6+ 35. Ke3 Rg6 36. Rf5 Kg7 37. c4 Kh6 38. a4 Re6 39. Rf7 g4 40. Kf4 a5 41. Rf5 Rg6 42. Rd5 h4 43. Rf5 hxg3 44. hxg3 Re6 45. Rd5 Rg6 1/2-1/2

[Event "Titled Tuesday intern op 30th May Early"]
[Site "Chess.com INT"]
[Date "2023.05.30"]
[Round "1"]
[White "Federzoni, Enzo"]
[Black "Harikrishnan, A Ra"]
[Result "1-0"]
[WhiteElo "2133"]
[BlackElo "2400"]
[PlyCount "103"]
[EventDate "2023.05.30"]
[EventType "swiss (blitz)"]
[EventRounds "11"]
[EventCountry "USA"]
[SourceTitle "CBM 214 Extra"]
[Source "ChessBase"]
[SourceDate "2023.07.31"]
[SourceVersion "1"]
[SourceVersionDate "2023.07.31"]
[SourceQuality "1"]

1. Nf3 d5 2. g3 g6 3. Bg2 Bg7 4. d4 Nf6 5. 0-0 c6 6. c4 dxc4 7. Na3 b5 8. Ne5 Nd5 9. e4 Nb6 10. f4 0-0 11. Be3 Bb7 12. Qe2 a5 13. Rad1 N8d7 14. Nxd7 Nxd7 15. d5 cxd5 16. exd5 Ba6 17. d6 Rc8 18. Nc2 b4 19. Bd4 e6 20. Bxg7 Kxg7 21. Nd4 Qb6 22. Qf2 Nc5 23. f5 exf5 24. Nxf5+ gxf5 25. Qd4+ f6 26. Rxf5 Nd7 27. Qxb6 Nxb6 28. Rxa5 c3 29. bxc3 bxc3 30. Rxa6 Nc4 31. Rc1 Ne5 32. Ra3 c2 33. Be4 Rc4 34. Ra7+ Nf7 35. Bxc2 Kh8 36. Rd1 Ng5 37. Bb3 Re4 38. d7 Rd8 39. Rc7 Re2 40. Bd5 Nh3+ 41. Kf1 Re7 42. Bg2 Ng5 43. Rc8 Nf7 44. Rxd8+ Nxd8 45. a4 Re5 46. Re1 Kg7 47. Rxe5 fxe5 48. a5 e4 49. Bxe4 Kf6 50. a6 Ke5 51. a7 Kxe4 52. a8Q+ 1-0

[Event "Rio de Janeiro op 2nd"]
[Site "Rio de Janeiro"]
[Date "2023.05.04"]
[Round "4"]
[White "De Saboya E Silva, Jose Frederic"]
[Black "Federzoni, Enzo"]
[Result "0-1"]
[WhiteElo "2010"]
[BlackElo "2133"]
[PlyCount "74"]
[EventDate "2023.05.02"]
[EventType "swiss"]
[EventRounds "9"]
[EventCountry "BRA"]
[SourceTitle "CBM 214 Extra"]
[Source "ChessBase"]
[SourceDate "2023.07.31"]
[SourceVersion "1"]
[SourceVersionDate "2023.07.31"]
[SourceQuality "1"]

1. c4 e5 2. Nc3 Nc6 3. g3 g6 4. Bg2 Bg7 5. d3 d6 6. e4 f5 7. Nge2 Nf6 8. 0-0 0-0 9. h3 h6 10. Be3 Be6 11. Nd5 Ne7 12. Qd2 Kh7 13. Rac1 c6 14. Nxf6+ Rxf6 15. d4 fxe4 16. dxe5 dxe5 17. Qc2 Nf5 18. Qxe4 Nd6 19. Qh4 Rf8 20. Qxd8 Rfxd8 21. b3 Nf5 22. Bc5 Rd2 23. Nc3 a6 24. Bb6 Nd4 25. Rcd1 Rc2 26. Ne4 Rf8 27. Rd2 Bxh3 28. Rxc2 Bxg2 29. Kxg2 Nxc2 30. Nd6 Bf6 31. Rd1 Bd8 32. Bxd8 Rxd8 33. c5 Rd7 34. Rc1 Nb4 35. a3 Nd3 36. Rc3 Nxc5 37. Ne8 Re7 0-1

[Event "Titled Tuesday intern op 18th Apr Early"]
[Site "Chess.com INT"]
[Date "2023.04.18"]
[Round "3"]
[White "Federzoni, Enzo"]
[Black "Lisjak, Zlatko"]
[Result "1-0"]
[WhiteElo "2133"]
[BlackElo "2207"]
[PlyCount "45"]
[EventDate "2023.04.18"]
[EventType "swiss (blitz)"]
[EventRounds "11"]
[EventCountry "USA"]
[SourceTitle "EXT 2024"]
[Source "ChessBase"]
[SourceDate "2023.10.10"]
[SourceVersion "1"]
[SourceVersionDate "2023.10.10"]
[SourceQuality "1"]

1. Nf3 d6 2. e4 Nf6 3. Nc3 c6 4. d4 Bg4 5. Bc4 e6 6. 0-0 d5 7. exd5 cxd5 8. Bb5+ Nc6 9. h3 Bxf3 10. Qxf3 Qb6 11. Be3 a6 12. Bxc6+ Qxc6 13. a4 Bd6 14. Bg5 Nd7 15. Rfe1 0-0 16. Qg4 Kh8 17. Re3 f5 18. Qe2 f4 19. Rxe6 f3 20. gxf3 h6 21. Be7 Rf5 22. Bxd6 Rg5+ 23. Bg3 1-0

[Event "Titled Tuesday intern op 18th Apr Late"]
[Site "Chess.com INT"]
[Date "2023.04.18"]
[Round "2"]
[White "Federzoni, Enzo"]
[Black "Prithu, Gupta"]
[Result "0-1"]
[WhiteElo "2133"]
[BlackElo "2444"]
[PlyCount "100"]
[EventDate "2023.04.18"]
[EventType "swiss (blitz)"]
[EventRounds "11"]
[EventCountry "USA"]
[SourceTitle "EXT 2024"]
[Source "ChessBase"]
[SourceDate "2023.10.10"]
[SourceVersion "1"]
[SourceVersionDate "2023.10.10"]
[SourceQuality "1"]

1. e4 e5 2. Nf3 Nc6 3. d4 exd4 4. Nxd4 g6 5. Nc3 Bg7 6. Be3 Nge7 7. Bc4 0-0 8. 0-0 d6 9. Qd2 Nxd4 10. Bxd4 Be6 11. Bb3 Bxb3 12. axb3 f5 13. Bxg7 Kxg7 14. exf5 Nxf5 15. Rfe1 c6 16. Rad1 d5 17. Ne2 Qf6 18. Qc3 Rae8 19. Qxf6+ Kxf6 20. Kf1 Nd6 21. f3 Re5 22. Nf4 Rfe8 23. Rxe5 Rxe5 24. Nd3 Re7 25. Ra1 a6 26. Kf2 Nb5 27. Ra4 g5 28. h4 h6 29. hxg5+ hxg5 30. g3 Rh7 31. Kg2 Nd6 32. f4 g4 33. Ne5 Kf5 34. c4 d4 35. Ra5 Ke4 36. Nxg4 Rg7 37. Nf2+ Ke3 38. Re5+ Kd2 39. Kf3 d3 40. c5 Nb5 41. g4 Rd7 42. Re3 Nd4+ 43. Ke4 Re7+ 44. Kxd4 Rxe3 45. g5 Rf3 46. Ne4+ Ke2 47. g6 Rxf4 48. g7 Rg4 49. Ke5 Rxg7 50. Nc3+ Ke3 0-1

[Event "Titled Tuesday intern op 11th Apr Late"]
[Site "Chess.com INT"]
[Date "2023.04.11"]
[Round "3"]
[White "Skvortsov, Andrei"]
[Black "Federzoni, Enzo"]
[Result "0-1"]
[WhiteElo "2313"]
[BlackElo "2133"]
[PlyCount "96"]
[EventDate "2023.04.11"]
[EventType "swiss (blitz)"]
[EventRounds "11"]
[EventCountry "USA"]
[SourceTitle "CBM 213 Extra"]
[Source "ChessBase"]
[SourceDate "2023.05.31"]
[SourceVersion "1"]
[SourceVersionDate "2023.05.31"]
[SourceQuality "1"]

1. e4 c6 2. d4 d5 3. e5 c5 4. c3 cxd4 5. cxd4 Nc6 6. Nc3 Bf5 7. Bd3 Bxd3 8. Qxd3 e6 9. Nf3 Nge7 10. 0-0 Ng6 11. Bg5 Be7 12. Bxe7 Qxe7 13. Rab1 0-0 14. g3 f6 15. exf6 Qxf6 16. Kg2 Rf7 17. Ne2 Raf8 18. Neg1 h5 19. Rfe1 h4 20. Re3 hxg3 21. hxg3 Nge7 22. Rbe1 Nd8 23. R3e2 Nf5 24. Ne5 Rc7 25. Ngf3 Nc6 26. Ng4 Qg6 27. Ngh2 Nh4+ 28. Nxh4 Qxd3 29. Rxe6 Nxd4 30. R6e3 Qd2 31. Ng4 Rc2 32. Rf1 Rxb2 33. Ng6 Nf5 34. Rf3 Rf7 35. N6e5 Nh4+ 36. gxh4 Rxf3 37. Kxf3 Rxa2 38. Rb1 Ra3+ 39. Kg2 b6 40. h5 Qf4 41. Re1 Kh7 42. h6 gxh6 43. Rh1 Ra4 44. f3 Ra2+ 45. Kh3 h5 46. Kh4 hxg4 47. Nxg4 Kg7 48. Re1 Rh2# 0-1

[Event "Titled Tuesday intern op 21st Mar Early"]
[Site "Chess.com INT"]
[Date "2023.03.21"]
[Round "2"]
[White "Ioannidis, Evgenios"]
[Black "Federzoni, Enzo"]
[Result "1-0"]
[WhiteElo "2473"]
[BlackElo "2133"]
[PlyCount "41"]
[EventDate "2023.03.21"]
[EventType "swiss (blitz)"]
[EventRounds "11"]
[EventCountry "USA"]
[SourceTitle "EXT 2024"]
[Source "ChessBase"]
[SourceDate "2023.10.10"]
[SourceVersion "1"]
[SourceVersionDate "2023.10.10"]
[SourceQuality "1"]

1. d4 Nf6 2. c4 e6 3. Nc3 Bb4 4. Qc2 0-0 5. e4 c5 6. e5 cxd4 7. a3 Qa5 8. exf6 dxc3 9. axb4 Qxa1 10. fxg7 Re8 11. bxc3 d5 12. Bd3 dxc4 13. Bxh7+ Kxg7 14. Nf3 a5 15. 0-0 axb4 16. cxb4 Ra2 17. Qxc4 Kxh7 18. Be3 Qb2 19. Qh4+ Kg6 20. Qg5+ Kh7 21. Bd4 1-0